| 000 | 00651nam a2200253Ia 4500 | ||
|---|---|---|---|
| 003 | 0100 | ||
| 008 | 130303s9999 xx 000 0 und d | ||
| 020 | _a0898707315 | ||
| 040 | _cARRUPELIB | ||
| 050 | _aBJ37.K74 1999 | ||
| 100 | _aKreeft, Peter | ||
| 245 | 2 | _aA Refutation of moral relativism | |
| 245 | _binterviews with an absolutist | ||
| 260 | _aSan Francisco | ||
| 260 | _bIgnatius Press | ||
| 260 | _C1999 | ||
| 300 | _a177p. | ||
| 300 | _b 24cm. | ||
| 650 | _aETHICS | ||
| 650 | _bRhodesia, Southern - Race question | ||
| 650 | _cRhodesia, Southern - Politics | ||
| 650 | _dUnited Nations - Rhodesia, Southern | ||
| 942 | 0 | 0 | _01 |
| 999 |
_c8467 _d8467 |
||